5HLuxD.jpg

KING HENRY VIII SENIOR AND PRIMARY SCHOOL LIBRARY OPAC

The strange case of Dr Jeckyll and Mr Hyde / (Record no. 5795)

000 -LEADER
fixed length control field 01247aam a2200349 a 4500
001 - CONTROL NUMBER
control field 014541565
003 - CONTROL NUMBER IDENTIFIER
control field Uk
005 - DATE AND TIME OF LATEST TRANSACTION
control field 20251112080306.0
008 - FIXED-LENGTH DATA ELEMENTS--GENERAL INFORMATION
fixed length control field 080304r20081991enka 000 1 eng c
015 ## - NATIONAL BIBLIOGRAPHY NUMBER
National bibliography number GBA826851
Source bnb
016 7# - NATIONAL BIBLIOGRAPHIC AGENCY CONTROL NUMBER
Record control number 014541565
Source Uk
020 ## - INTERNATIONAL STANDARD BOOK NUMBER
International Standard Book Number 9780194791700 (pbk.)
035 ## - SYSTEM CONTROL NUMBER
System control number (IeDuTC)IeDuTCb15024935
040 ## - CATALOGING SOURCE
Original cataloging agency IeDuTC
Language of cataloging eng
Transcribing agency IeDuTC
Modifying agency Uk
042 ## - AUTHENTICATION CODE
Authentication code ukscp
082 04 - DEWEY DECIMAL CLASSIFICATION NUMBER
Classification number 428.6 BOR
Edition number 23
100 1# - MAIN ENTRY--PERSONAL NAME
Personal name Border, Rosemary,
Dates associated with a name 1943-
Relator term author.
245 14 - TITLE STATEMENT
Title The strange case of Dr Jeckyll and Mr Hyde /
Statement of responsibility, etc. Robert Louis Stevenson ; retold by Rosemary Border.
246 14 - VARYING FORM OF TITLE
Title proper/short title Dr Jeckyll and Mr Hyde
260 ## - PUBLICATION, DISTRIBUTION, ETC.
Place of publication, distribution, etc. Oxford :
Name of publisher, distributor, etc. Oxford University Press,
Date of publication, distribution, etc. c2008.
300 ## - PHYSICAL DESCRIPTION
Extent 88 p. :
Other physical details ill. ;
Dimensions 20 cm.
336 ## - CONTENT TYPE
Content type term text
Source rdacontent
337 ## - MEDIA TYPE
Media type term unmediated
Source rdamedia
338 ## - CARRIER TYPE
Carrier type term volume
Source rdacarrier
490 1# - SERIES STATEMENT
Series statement Oxford bookworms library. Fantasy & horror. Stage 4
500 ## - GENERAL NOTE
General note Originally published, 1991.
600 10 - SUBJECT ADDED ENTRY--PERSONAL NAME
Personal name Jekyll, Henry
Titles and other words associated with a name (Fictitious character)
Form subdivision Fiction.
600 10 - SUBJECT ADDED ENTRY--PERSONAL NAME
Personal name Hyde, Edward
Titles and other words associated with a name (Fictitious character)
Form subdivision Fiction.
700 1# - ADDED ENTRY--PERSONAL NAME
Personal name Stevenson, Robert Louis,
Dates associated with a name 1850-1894.
Title of a work Strange case of Dr. Jekyll and Mr. Hyde.
830 #0 - SERIES ADDED ENTRY--UNIFORM TITLE
Uniform title Oxford bookworms library.
Name of part/section of a work Fantasy & horror.
-- Stage 4
Number of part/section of a work Stage 4.
942 ## - ADDED ENTRY ELEMENTS (KOHA)
Source of classification or shelving scheme
Koha item type Teaching Resources
Holdings
Withdrawn status Lost status Source of classification or shelving scheme Damaged status Not for loan Collection code Permanent Location Current Location Shelving location Date acquired Full call number Barcode Date last seen Copy number Price effective from Koha item type
          Teaching Resources KH8 Senior School Library KH8 Senior School Library Staff Office 2025-11-12 428.6 BOR TRKHSL002154 2025-11-12 EAL 2025-11-12 Teaching Resources

Powered By KH8 IT Dept